[Event "MCRDMZ 2018"]
[Site "Varnsdorf"]
[Date "2018.06.17"]
[Round "9.7"]
[White "Kures Michael (Loko Brno A)"]
[Black "Petricek Lukas (Kurim)"]
[Result "1-0"]
[BlackElo "1774"]
[WhiteElo "1879"]
[LiveChessVersion "1.4.8"]

1. e4 {[%clk 0:25:17]} c5 {[%clk 0:25:19]} 2. Nc3 {[%clk 0:25:21]} g6
{[%clk 0:25:28]} 3. f4 {[%clk 0:25:27]} Bg7 {[%clk 0:25:37]} 4. Nf3
{[%clk 0:25:26]} d6 {[%clk 0:25:35]} 5. Bc4 {[%clk 0:25:26]} a6 {[%clk 0:25:28]}
6. a3 {[%clk 0:25:32]} Nc6 {[%clk 0:25:32]} 7. O-O {[%clk 0:25:29]} b5
{[%clk 0:25:39]} 8. Ba2 {[%clk 0:25:32]} Bb7 {[%clk 0:24:52]} 9. d3
{[%clk 0:25:27]} Nf6 {[%clk 0:23:57]} 10. Ng5 {[%clk 0:24:31]} O-O
{[%clk 0:23:46]} 11. f5 {[%clk 0:24:20]} Ne5 {[%clk 0:20:41]} 12. fxg6
{[%clk 0:23:58]} hxg6 {[%clk 0:20:45]} 13. Bf4 {[%clk 0:23:23]} b4
{[%clk 0:16:27]} 14. axb4 {[%clk 0:23:05]} cxb4 {[%clk 0:16:35]} 15. Nd5
{[%clk 0:22:24]} Nxd5 {[%clk 0:13:25]} 16. Bxd5 {[%clk 0:22:26]} Bxd5
{[%clk 0:13:24]} 17. exd5 {[%clk 0:22:34]} Qb6+ {[%clk 0:12:53]} 18. Kh1
{[%clk 0:22:36]} Qd4 {[%clk 0:11:32]} 19. Qe1 {[%clk 0:22:02]} Nd7
{[%clk 0:08:31]} 20. Qh4 {[%clk 0:14:49]} Nf6 {[%clk 0:08:00]} 21. c3
{[%clk 0:14:25]} bxc3 {[%clk 0:07:20]} 22. bxc3 {[%clk 0:14:34]} Qxd5
{[%clk 0:06:34]} 23. Bxd6 {[%clk 0:12:39]} Rfe8 {[%clk 0:06:23]} 24. Ba3
{[%clk 0:07:47]} Rac8 {[%clk 0:04:48]} 25. c4 {[%clk 0:07:33]} Qxd3
{[%clk 0:04:42]} 26. Rxf6 {[%clk 0:07:02]} Qxc4 {[%clk 0:03:10]} 27. Qh7+
{[%clk 0:06:54]} Kf8 {[%clk 0:03:19]} 28. Ne6+ {[%clk 0:06:43]} Qxe6
{[%clk 0:03:28]} 29. Rxe6 {[%clk 0:06:51]} Bxa1 {[%clk 0:02:48]} 30. Re1
{[%clk 0:06:48]} Bc3 {[%clk 0:02:10]} 31. Bc1 {[%clk 0:06:31]} Bg7 32. Bh6
{[%clk 0:06:24]} Bxh6 {[%clk 0:02:11]} 33. Qh8# 1-0

[Event "MCRDMZ 2018"]
[Site "Varnsdorf"]
[Date "2018.06.17"]
[Round "9.8"]
[White "Tajovsky Simon (Kurim)"]
[Black "Hladky Tadeas (Loko Brno A)"]
[Result "0-1"]
[BlackElo "1659"]
[WhiteElo "1463"]
[LiveChessVersion "1.4.8"]

1. d4 {[%clk 0:25:18]} d5 {[%clk 0:25:16]} 2. c4 {[%clk 0:25:27]} c6
{[%clk 0:25:25]} 3. Nf3 {[%clk 0:25:36]} Nf6 {[%clk 0:25:31]} 4. Nc3
{[%clk 0:25:45]} dxc4 {[%clk 0:25:38]} 5. Bf4 {[%clk 0:25:29]} Bf5
{[%clk 0:25:41]} 6. e3 {[%clk 0:25:30]} e6 {[%clk 0:25:47]} 7. Bxc4
{[%clk 0:25:36]} Nbd7 {[%clk 0:25:55]} 8. O-O {[%clk 0:25:37]} Be7
{[%clk 0:26:03]} 9. h3 {[%clk 0:25:45]} O-O {[%clk 0:25:59]} 10. Nh4
{[%clk 0:24:45]} Bg6 {[%clk 0:25:39]} 11. Nxg6 {[%clk 0:24:52]} hxg6
{[%clk 0:25:46]} 12. Rb1 {[%clk 0:24:57]} Nb6 {[%clk 0:25:46]} 13. Qe2
{[%clk 0:24:07]} Qd7 {[%clk 0:25:09]} 14. Rfc1 {[%clk 0:23:32]} Rfd8
{[%clk 0:25:05]} 15. b4 {[%clk 0:23:21]} Rac8 {[%clk 0:24:22]} 16. a4
{[%clk 0:22:46]} Nfd5 {[%clk 0:22:58]} 17. Nxd5 {[%clk 0:22:37]} exd5
{[%clk 0:22:37]} 18. Bd3 {[%clk 0:21:24]} Nxa4 {[%clk 0:22:28]} 19. Qa2
{[%clk 0:19:53]} b5 {[%clk 0:22:32]} 20. Be2 {[%clk 0:19:30]} Qb7
{[%clk 0:20:14]} 21. Bg4 {[%clk 0:18:48]} f5 {[%clk 0:19:56]} 22. Bd1
{[%clk 0:18:46]} Nb6 {[%clk 0:19:35]} 23. Be2 {[%clk 0:18:04]} Bd6
{[%clk 0:18:03]} 24. Bxd6 {[%clk 0:17:31]} Rxd6 {[%clk 0:18:05]} 25. Ra1
{[%clk 0:17:07]} Ra8 {[%clk 0:16:25]} 26. Bd1 {[%clk 0:16:23]} Rd7
{[%clk 0:14:51]} 27. Bb3 {[%clk 0:16:03]} Nc4 {[%clk 0:13:30]} 28. Bxc4
{[%clk 0:15:09]} bxc4 {[%clk 0:13:16]} 29. Qa4 {[%clk 0:14:54]} a6
{[%clk 0:11:44]} 30. Qa5 {[%clk 0:14:05]} Qb5 {[%clk 0:11:39]} 31. Rc3
{[%clk 0:13:12]} Rb7 {[%clk 0:09:52]} 32. Qxb5 {[%clk 0:12:18]} cxb5
{[%clk 0:09:59]} 33. Ra5 {[%clk 0:12:17]} Kf7 {[%clk 0:09:44]} 34. Kf1
{[%clk 0:12:23]} Ke7 {[%clk 0:09:51]} 35. Ke2 {[%clk 0:12:31]} Rb6
{[%clk 0:09:50]} 36. Kf3 {[%clk 0:12:32]} Rd8 {[%clk 0:09:35]} 37. Kf4
{[%clk 0:12:37]} Kf6 {[%clk 0:09:37]} 38. h4 {[%clk 0:12:35]} Re8
{[%clk 0:09:27]} 39. g3 {[%clk 0:12:38]} Re4+ {[%clk 0:09:31]} 40. Kf3
{[%clk 0:12:47]} g5 {[%clk 0:09:16]} 41. hxg5+ {[%clk 0:12:42]} Kxg5
{[%clk 0:09:24]} 42. Ra1 {[%clk 0:12:25]} Rh6 {[%clk 0:09:18]} 43. Rca3
{[%clk 0:12:05]} Ree6 {[%clk 0:09:11]} 44. Rc3 {[%clk 0:11:38]} Kf6
{[%clk 0:08:35]} 45. Rc2 {[%clk 0:11:03]} g5 {[%clk 0:08:36]} 46. Rca2
{[%clk 0:10:16]} Kg7 {[%clk 0:08:35]} 47. Rc2 {[%clk 0:09:45]} Rc6
{[%clk 0:08:38]} 48. Kg2 {[%clk 0:08:50]} Rhg6 {[%clk 0:07:29]} 49. Kf3
{[%clk 0:08:55]} Rh6 {[%clk 0:06:52]} 50. Kg2 {[%clk 0:08:59]} Rhe6
{[%clk 0:06:31]} 51. Kf3 {[%clk 0:09:05]} Re7 {[%clk 0:06:37]} 52. Rca2
{[%clk 0:09:04]} Ra7 {[%clk 0:06:45]} 53. Rc2 {[%clk 0:09:13]} Rh6
{[%clk 0:06:25]} 54. Kg2 {[%clk 0:09:14]} Kf6 {[%clk 0:06:27]} 55. Rca2
{[%clk 0:08:52]} Ke7 {[%clk 0:06:34]} 56. Kf3 {[%clk 0:08:48]} Kd7
{[%clk 0:06:40]} 57. g4 {[%clk 0:08:51]} fxg4+ {[%clk 0:05:27]} 58. Kxg4
{[%clk 0:08:59]} Ra8 {[%clk 0:04:59]} 59. Kxg5 {[%clk 0:08:51]} Re6
{[%clk 0:05:03]} 60. Kg4 {[%clk 0:08:42]} Rf6 {[%clk 0:05:04]} 61. Kg5
{[%clk 0:08:36]} Ke7 {[%clk 0:05:06]} 62. f4 {[%clk 0:08:35]} Rg8+
{[%clk 0:04:56]} 63. Kh4 {[%clk 0:08:39]} Rh6# 0-1

[Event "MCRDMZ 2018"]
[Site "Varnsdorf"]
[Date "2018.06.17"]
[Round "9.9"]
[White "Mohapl Tomas (Loko Brno A)"]
[Black "Bocek Adam (Kurim)"]
[Result "1/2-1/2"]
[BlackElo "1488"]
[WhiteElo "1563"]
[LiveChessVersion "1.4.8"]

1. e4 {[%clk 0:25:18]} c5 {[%clk 0:25:19]} 2. Nf3 {[%clk 0:25:24]} Nc6
{[%clk 0:25:27]} 3. d4 {[%clk 0:25:27]} cxd4 {[%clk 0:25:36]} 4. Nxd4
{[%clk 0:25:30]} g6 {[%clk 0:25:43]} 5. c4 {[%clk 0:25:14]} Bg7 {[%clk 0:25:48]}
6. Be3 {[%clk 0:25:19]} Nf6 {[%clk 0:25:46]} 7. Nc3 {[%clk 0:25:06]} O-O
{[%clk 0:25:42]} 8. Be2 {[%clk 0:23:36]} d6 {[%clk 0:25:35]} 9. O-O
{[%clk 0:23:11]} Bd7 {[%clk 0:25:15]} 10. h3 {[%clk 0:21:18]} Rc8
{[%clk 0:24:06]} 11. f3 {[%clk 0:18:29]} a6 {[%clk 0:23:55]} 12. Qd2
{[%clk 0:17:49]} Qc7 {[%clk 0:22:49]} 13. Rac1 {[%clk 0:15:55]} Qb8
{[%clk 0:18:24]} 14. a3 {[%clk 0:11:56]} Rfd8 {[%clk 0:16:48]} 15. Rc2
{[%clk 0:10:17]} Ne5 {[%clk 0:14:35]} 16. b3 {[%clk 0:08:34]} Nc6
{[%clk 0:14:09]} 17. Rfc1 {[%clk 0:07:52]} e5 {[%clk 0:14:11]} 18. Nxc6
{[%clk 0:07:08]} Bxc6 {[%clk 0:13:55]} 19. Nd5 {[%clk 0:06:28]} Nxd5
{[%clk 0:11:42]} 20. cxd5 {[%clk 0:06:11]} Bd7 {[%clk 0:11:12]} 21. Bb6
{[%clk 0:04:57]} Rxc2 {[%clk 0:09:53]} 22. Rxc2 {[%clk 0:04:10]} Rc8
{[%clk 0:09:52]} 23. Qc1 {[%clk 0:03:54]} Bh6 {[%clk 0:08:18]} 24. Rxc8+
{[%clk 0:03:29]} Qxc8 {[%clk 0:08:12]} 25. Qxh6 {[%clk 0:03:21]} f5
{[%clk 0:07:03]} 26. Qd2 {[%clk 0:02:31]} fxe4 {[%clk 0:06:02]} 27. fxe4
{[%clk 0:02:17]} Kg7 {[%clk 0:05:13]} 28. Bd3 {[%clk 0:01:49]} Qf8
{[%clk 0:04:36]} 29. Qf2 {[%clk 0:01:40]} Qe7 {[%clk 0:04:33]} 30. Qc2
{[%clk 0:01:35]} Kh6 {[%clk 0:03:52]} 31. Be3+ {[%clk 0:01:34]} Kg7
{[%clk 0:03:41]} 32. Qc7 {[%clk 0:01:24]} Kg8 {[%clk 0:03:13]} 33. Qxb7
{[%clk 0:01:26]} Kf7 {[%clk 0:03:15]} 34. Bxa6 {[%clk 0:01:17]} Ke8
{[%clk 0:02:21]} 35. Qb8+ {[%clk 0:01:12]} Bc8 1/2-1/2

[Event "MCRDMZ 2018"]
[Site "Varnsdorf"]
[Date "2018.06.17"]
[Round "9.10"]
[White "Setina Vaclav (Kurim)"]
[Black "Ulcak Michael (Loko Brno A)"]
[Result "1-0"]
[BlackElo "1551"]
[WhiteElo "1445"]
[LiveChessVersion "1.4.8"]

1. e4 {[%clk 0:25:19]} e5 {[%clk 0:25:19]} 2. Nf3 {[%clk 0:25:28]} Nc6
{[%clk 0:25:28]} 3. d4 {[%clk 0:25:37]} exd4 {[%clk 0:25:36]} 4. Nxd4
{[%clk 0:25:46]} Nf6 {[%clk 0:25:44]} 5. Nc3 {[%clk 0:25:51]} Bb4
{[%clk 0:25:52]} 6. Nxc6 {[%clk 0:26:00]} bxc6 {[%clk 0:26:00]} 7. Bd3
{[%clk 0:26:07]} d5 {[%clk 0:26:08]} 8. exd5 {[%clk 0:26:15]} cxd5
{[%clk 0:26:17]} 9. O-O {[%clk 0:26:23]} O-O 10. Bg5 c6 {[%clk 0:26:31]} 11. Re1
{[%clk 0:23:18]} d4 {[%clk 0:24:50]} 12. Ne4 {[%clk 0:20:54]} Be7
{[%clk 0:22:11]} 13. Nxf6+ {[%clk 0:19:27]} Bxf6 {[%clk 0:22:17]} 14. Bxf6
{[%clk 0:19:33]} Qxf6 {[%clk 0:22:24]} 15. Qh5 {[%clk 0:19:10]} g6
{[%clk 0:21:51]} 16. Qe5 {[%clk 0:19:11]} Qxe5 {[%clk 0:21:17]} 17. Rxe5
{[%clk 0:19:20]} Be6 {[%clk 0:21:22]} 18. b3 {[%clk 0:19:19]} Rfe8
{[%clk 0:21:13]} 19. Rae1 {[%clk 0:19:27]} Kf8 {[%clk 0:21:13]} 20. Kf1
{[%clk 0:18:55]} Rac8 {[%clk 0:20:39]} 21. f3 {[%clk 0:18:21]} Rcd8
{[%clk 0:19:30]} 22. R5e2 {[%clk 0:16:40]} c5 {[%clk 0:18:41]} 23. Kf2
{[%clk 0:14:10]} a5 {[%clk 0:17:19]} 24. g3 {[%clk 0:13:34]} Bd5 {[%clk 0:16:45]}
25. Rxe8+ {[%clk 0:13:25]} Rxe8 {[%clk 0:16:53]} 26. Rxe8+ {[%clk 0:13:29]} Kxe8
{[%clk 0:17:02]} 27. f4 {[%clk 0:13:29]} Ke7 {[%clk 0:17:08]} 28. g4
{[%clk 0:13:37]} Be6 {[%clk 0:16:22]} 29. g5 {[%clk 0:13:39]} Kd6
{[%clk 0:16:05]} 30. h4 {[%clk 0:12:26]} Kd5 {[%clk 0:15:52]} 31. Kf3
{[%clk 0:12:13]} Kd6 {[%clk 0:15:01]} 32. Be4 {[%clk 0:11:18]} Bd5
{[%clk 0:11:33]} 33. Bxd5 {[%clk 0:11:05]} Kxd5 {[%clk 0:11:41]} 34. a3
{[%clk 0:11:11]} Kd6 {[%clk 0:10:30]} 35. Ke4 {[%clk 0:11:04]} Ke6
{[%clk 0:10:37]} 36. a4 {[%clk 0:10:47]} Kd6 {[%clk 0:10:20]} 37. f5
{[%clk 0:10:52]} gxf5+ {[%clk 0:10:04]} 38. Kxf5 {[%clk 0:10:59]} Kd5
{[%clk 0:10:12]} 39. h5 {[%clk 0:11:08]} c4 {[%clk 0:10:20]} 40. bxc4+
{[%clk 0:11:04]} Kxc4 41. Kf6 Kb4 {[%clk 0:10:37]} 42. Kxf7 {[%clk 0:11:22]} Kxa4
{[%clk 0:10:45]} 43. g6 {[%clk 0:11:31]} hxg6 {[%clk 0:10:51]} 44. hxg6
{[%clk 0:11:40]} Kb4 45. g7 a4 46. g8=Q a3 {[%clk 0:10:58]} 47. Kf6
{[%clk 0:11:55]} Ka4 {[%clk 0:10:45]} 48. Qb3+ {[%clk 0:12:03]} Ka5
{[%clk 0:10:52]} 49. Qxa3+ {[%clk 0:12:12]} Kb5 {[%clk 0:11:01]} 50. Ke5
{[%clk 0:12:16]} d3 {[%clk 0:11:09]} 51. cxd3 {[%clk 0:12:23]} Kc6 52. Qd6+ Kb5
{[%clk 0:11:14]} 53. Qc7 {[%clk 0:12:29]} Kb4 {[%clk 0:11:22]} 54. Qc4+
{[%clk 0:12:37]} Ka5 55. Qb3 Ka6 {[%clk 0:11:27]} 56. Kd6 {[%clk 0:12:46]} Ka7
{[%clk 0:11:36]} 57. Qb5 {[%clk 0:12:54]} Ka8 {[%clk 0:11:44]} 58. Kc7 1-0

[Event "MCRDMZ 2018"]
[Site "Varnsdorf"]
[Date "2018.06.17"]
[Round "9.11"]
[White "Hladky Mikulas (Loko Brno A)"]
[Black "Richter Rudolf (Kurim)"]
[Result "0-1"]
[BlackElo "1567"]
[WhiteElo "1242"]
[LiveChessVersion "1.4.8"]

1. e4 {[%clk 0:25:17]} Nf6 {[%clk 0:25:19]} 2. Nc3 {[%clk 0:25:23]} e5
{[%clk 0:25:27]} 3. Nf3 {[%clk 0:25:30]} Bb4 {[%clk 0:25:35]} 4. Bc4
{[%clk 0:25:26]} Nc6 {[%clk 0:25:32]} 5. O-O {[%clk 0:25:30]} O-O
{[%clk 0:25:32]} 6. Re1 {[%clk 0:25:37]} d6 {[%clk 0:25:37]} 7. d3
{[%clk 0:25:37]} Bg4 {[%clk 0:25:40]} 8. h3 {[%clk 0:25:42]} Bh5 {[%clk 0:25:48]}
9. Bg5 {[%clk 0:25:46]} Nd4 {[%clk 0:25:28]} 10. Bd5 {[%clk 0:25:36]} Nxf3+
{[%clk 0:25:20]} 11. gxf3 {[%clk 0:25:36]} c6 {[%clk 0:25:19]} 12. Bb3
{[%clk 0:25:32]} h6 {[%clk 0:24:45]} 13. Bh4 {[%clk 0:25:38]} Kh8
{[%clk 0:23:32]} 14. a3 {[%clk 0:25:18]} Ba5 {[%clk 0:23:18]} 15. Re3
{[%clk 0:24:52]} Bb6 {[%clk 0:22:39]} 16. Re1 {[%clk 0:24:51]} Qd7
{[%clk 0:22:17]} 17. Kh2 {[%clk 0:24:18]} Bg6 {[%clk 0:20:04]} 18. Ne2
{[%clk 0:24:05]} Nh5 {[%clk 0:18:18]} 19. Ng3 {[%clk 0:23:56]} Nf4
{[%clk 0:17:35]} 20. Kg1 {[%clk 0:21:57]} Qxh3 {[%clk 0:17:34]} 21. Re2
{[%clk 0:21:20]} Qg2# {[%clk 0:17:41]} 0-1

[Event "MCRDMZ 2018"]
[Site "Varnsdorf"]
[Date "2018.06.17"]
[Round "9.12"]
[White "Movsisyan Lusine (Kurim)"]
[Black "Vavrinkova Marie (Loko Brno A)"]
[Result "0-1"]
[BlackElo "1364"]
[WhiteElo "1009"]
[LiveChessVersion "1.4.8"]

1. e4 {[%clk 0:25:18]} e5 {[%clk 0:25:18]} 2. Nf3 {[%clk 0:25:24]} Nf6
{[%clk 0:25:22]} 3. d4 {[%clk 0:25:25]} Nxe4 {[%clk 0:25:22]} 4. dxe5
{[%clk 0:25:29]} Bc5 {[%clk 0:25:00]} 5. Be3 {[%clk 0:25:27]} Bxe3
{[%clk 0:24:45]} 6. fxe3 {[%clk 0:25:34]} O-O {[%clk 0:24:27]} 7. Bd3
{[%clk 0:25:33]} Nc5 {[%clk 0:23:55]} 8. Nc3 {[%clk 0:25:14]} Nc6
{[%clk 0:23:40]} 9. Qd2 {[%clk 0:24:45]} Re8 {[%clk 0:23:27]} 10. Ne4
{[%clk 0:23:04]} Nxd3+ {[%clk 0:22:45]} 11. Qxd3 {[%clk 0:23:08]} Nxe5
{[%clk 0:22:34]} 12. Nxe5 {[%clk 0:22:46]} Rxe5 {[%clk 0:22:39]} 13. O-O-O
{[%clk 0:22:41]} d6 {[%clk 0:22:07]} 14. Ng3 {[%clk 0:22:02]} Qg5
{[%clk 0:21:01]} 15. Rde1 {[%clk 0:21:16]} Bf5 {[%clk 0:19:23]} 16. Nxf5
{[%clk 0:21:14]} Qxf5 {[%clk 0:19:26]} 17. Qb3 {[%clk 0:19:35]} b6
{[%clk 0:18:12]} 18. Ref1 {[%clk 0:19:33]} Qe6 {[%clk 0:18:13]} 19. Qxe6
{[%clk 0:18:43]} Rxe6 {[%clk 0:17:51]} 20. Rf3 {[%clk 0:18:48]} Rae8
{[%clk 0:17:21]} 21. Kd2 {[%clk 0:18:29]} d5 {[%clk 0:16:56]} 22. Rhf1
{[%clk 0:18:34]} f6 {[%clk 0:16:25]} 23. Rd1 {[%clk 0:18:22]} Rd8
{[%clk 0:15:45]} 24. Ke2 {[%clk 0:17:55]} d4 {[%clk 0:14:54]} 25. Rd3
{[%clk 0:17:19]} Rdd6 {[%clk 0:14:18]} 26. c3 {[%clk 0:17:26]} dxe3
{[%clk 0:13:18]} 27. Rfxe3 {[%clk 0:17:08]} Rxe3+ {[%clk 0:12:47]} 28. Kxe3
{[%clk 0:16:30]} Re6+ {[%clk 0:12:35]} 29. Kd2 {[%clk 0:15:11]} Kf7
{[%clk 0:12:29]} 30. Rd7+ {[%clk 0:15:14]} Re7 {[%clk 0:12:35]} 31. Rd8
{[%clk 0:14:17]} Ke6 {[%clk 0:12:27]} 32. b4 {[%clk 0:14:00]} Rd7+
{[%clk 0:12:34]} 33. Rxd7 {[%clk 0:14:07]} Kxd7 {[%clk 0:12:42]} 34. Kd3
{[%clk 0:14:12]} Ke6 {[%clk 0:12:51]} 35. Kc4 {[%clk 0:14:19]} f5
{[%clk 0:12:58]} 36. Kb5 {[%clk 0:14:28]} Kd5 {[%clk 0:12:21]} 37. a4
{[%clk 0:13:45]} g5 {[%clk 0:12:03]} 38. c4+ {[%clk 0:13:36]} Kd4
{[%clk 0:12:02]} 39. g3 {[%clk 0:13:22]} f4 {[%clk 0:12:09]} 40. gxf4
{[%clk 0:13:28]} gxf4 {[%clk 0:12:18]} 41. c5 {[%clk 0:13:20]} f3
{[%clk 0:11:44]} 42. cxb6 {[%clk 0:13:25]} cxb6 {[%clk 0:11:49]} 43. a5
{[%clk 0:13:27]} bxa5 {[%clk 0:11:41]} 44. bxa5 {[%clk 0:13:34]} f2
{[%clk 0:11:49]} 45. Ka6 {[%clk 0:13:39]} f1=Q+ {[%clk 0:11:54]} 46. Kxa7
{[%clk 0:13:44]} Qf7+ {[%clk 0:11:55]} 47. Kb6 {[%clk 0:13:51]} Qe6+
{[%clk 0:11:37]} 48. Kb7 {[%clk 0:13:48]} Qd5+ {[%clk 0:11:40]} 49. Kb6
{[%clk 0:13:49]} Qa8 {[%clk 0:11:42]} 50. a6 {[%clk 0:13:57]} Kd5
{[%clk 0:11:31]} 51. a7 {[%clk 0:13:55]} Kd6 {[%clk 0:11:32]} 52. Ka6
{[%clk 0:13:42]} Kc7 {[%clk 0:11:33]} 53. h3 {[%clk 0:13:32]} Qb7+
{[%clk 0:11:39]} 54. Ka5 {[%clk 0:13:39]} Qxa7+ {[%clk 0:11:46]} 55. Kb4
{[%clk 0:13:47]} Qa6 {[%clk 0:11:44]} 56. Kc3 {[%clk 0:13:55]} Qb5
{[%clk 0:11:41]} 57. Kd4 {[%clk 0:14:02]} Qf5 {[%clk 0:11:41]} 58. Kc4
{[%clk 0:14:04]} Qe5 {[%clk 0:11:48]} 59. Kd3 {[%clk 0:14:09]} Qf4
{[%clk 0:11:55]} 60. Kc3 {[%clk 0:14:15]} Qe4 {[%clk 0:11:58]} 61. Kb3
{[%clk 0:14:08]} Qd4 {[%clk 0:12:05]} 62. Kc2 {[%clk 0:14:11]} Qe3
{[%clk 0:12:12]} 63. Kb2 {[%clk 0:14:19]} Qd3 {[%clk 0:12:14]} 64. Kc1
{[%clk 0:14:20]} Qe2 {[%clk 0:12:18]} 65. h4 {[%clk 0:14:28]} Kc6
{[%clk 0:12:25]} 66. h5 {[%clk 0:14:37]} Kc5 {[%clk 0:12:32]} 67. h6
{[%clk 0:14:45]} Kb4 {[%clk 0:12:36]} 68. Kb1 {[%clk 0:14:49]} Qd2
{[%clk 0:12:41]} 69. Ka1 {[%clk 0:14:55]} Kb3 {[%clk 0:12:48]} 70. Kb1
{[%clk 0:15:02]} Qb2# 0-1

[Event "MCRDMZ 2018"]
[Site "Varnsdorf"]
[Date "2018.06.17"]
[Round "9.13"]
[White "Stalmach Richard (BSS F-M A)"]
[Black "Hlavina Matous (Nebusice)"]
[Result "1-0"]
[BlackElo "1723"]
[WhiteElo "1754"]
[LiveChessVersion "1.4.8"]

1. d4 {[%clk 0:25:19]} f5 {[%clk 0:25:05]} 2. e4 {[%clk 0:25:21]} fxe4
{[%clk 0:24:40]} 3. Nc3 {[%clk 0:25:27]} Nf6 {[%clk 0:24:12]} 4. Bg5
{[%clk 0:25:35]} d5 {[%clk 0:24:06]} 5. Bxf6 {[%clk 0:25:27]} exf6
{[%clk 0:24:11]} 6. Qh5+ {[%clk 0:25:35]} g6 7. Qxd5 {[%clk 0:25:42]} Qe7
{[%clk 0:19:01]} 8. Qxe4 {[%clk 0:25:20]} Qxe4+ {[%clk 0:18:37]} 9. Nxe4
{[%clk 0:25:29]} Bg7 {[%clk 0:18:40]} 10. O-O-O {[%clk 0:24:54]} O-O
{[%clk 0:18:28]} 11. Bc4+ {[%clk 0:24:39]} Kh8 {[%clk 0:17:54]} 12. Nf3
{[%clk 0:24:04]} Bf5 {[%clk 0:17:24]} 13. Rhe1 {[%clk 0:23:58]} Nd7
{[%clk 0:17:01]} 14. Nh4 {[%clk 0:23:28]} Nb6 {[%clk 0:16:28]} 15. Bb3
{[%clk 0:22:53]} Bxe4 {[%clk 0:16:07]} 16. Rxe4 {[%clk 0:23:01]} Rfe8
{[%clk 0:15:35]} 17. Rde1 {[%clk 0:22:42]} Rxe4 {[%clk 0:14:52]} 18. Rxe4
{[%clk 0:22:51]} Bf8 {[%clk 0:14:26]} 19. c3 {[%clk 0:20:57]} Rd8
{[%clk 0:13:53]} 20. Nf3 {[%clk 0:19:04]} c5 {[%clk 0:13:29]} 21. dxc5
{[%clk 0:18:03]} Bxc5 {[%clk 0:13:29]} 22. Nd4 {[%clk 0:17:48]} f5
{[%clk 0:12:03]} 23. Re2 {[%clk 0:17:50]} a5 {[%clk 0:09:59]} 24. Ne6
{[%clk 0:11:14]} Re8 {[%clk 0:09:52]} 25. Rd2 {[%clk 0:11:23]} a4
{[%clk 0:09:28]} 26. Nxc5 {[%clk 0:10:53]} axb3 {[%clk 0:09:35]} 27. axb3
{[%clk 0:10:43]} Re7 {[%clk 0:09:19]} 28. Rd6 {[%clk 0:10:23]} Rc7
{[%clk 0:09:06]} 29. Rd8+ {[%clk 0:10:28]} 1-0

[Event "MCRDMZ 2018"]
[Site "Varnsdorf"]
[Date "2018.06.17"]
[Round "9.14"]
[White "Seidl Jan (Nebusice)"]
[Black "Paseka Matyas (BSS F-M A)"]
[Result "1-0"]
[BlackElo "1730"]
[WhiteElo "1904"]
[LiveChessVersion "1.4.8"]

1. d4 {[%clk 0:25:17]} d5 {[%clk 0:25:17]} 2. c4 {[%clk 0:25:25]} e6
{[%clk 0:25:14]} 3. Nc3 {[%clk 0:25:30]} c5 {[%clk 0:25:22]} 4. dxc5
{[%clk 0:25:11]} d4 {[%clk 0:25:16]} 5. Nb5 {[%clk 0:24:52]} Bxc5
{[%clk 0:24:27]} 6. Nf3 {[%clk 0:24:30]} Nc6 {[%clk 0:24:29]} 7. Bf4
{[%clk 0:23:56]} Bb4+ {[%clk 0:24:06]} 8. Bd2 {[%clk 0:23:57]} Bxd2+
{[%clk 0:23:18]} 9. Qxd2 {[%clk 0:23:56]} e5 {[%clk 0:23:25]} 10. O-O-O
{[%clk 0:22:37]} a6 {[%clk 0:22:09]} 11. Na3 {[%clk 0:22:10]} Bg4
{[%clk 0:19:53]} 12. h3 {[%clk 0:21:50]} Bxf3 {[%clk 0:16:26]} 13. gxf3
{[%clk 0:21:49]} Nge7 {[%clk 0:14:11]} 14. Rg1 {[%clk 0:21:13]} O-O
{[%clk 0:13:51]} 15. h4 {[%clk 0:21:02]} Nf5 {[%clk 0:12:19]} 16. h5
{[%clk 0:20:37]} Qf6 {[%clk 0:11:48]} 17. e4 {[%clk 0:19:58]} Nh4
{[%clk 0:10:45]} 18. Qg5 {[%clk 0:18:18]} Qxg5+ {[%clk 0:07:13]} 19. Rxg5
{[%clk 0:18:17]} h6 {[%clk 0:06:50]} 20. Rg3 {[%clk 0:17:21]} f5 {[%clk 0:05:51]}
21. Bd3 {[%clk 0:12:42]} fxe4 {[%clk 0:05:43]} 22. Bxe4 {[%clk 0:12:48]} Nf5
{[%clk 0:05:44]} 23. Rg4 {[%clk 0:12:03]} Rad8 {[%clk 0:04:23]} 24. Rdg1
{[%clk 0:11:48]} Rd7 {[%clk 0:04:29]} 25. Kd2 {[%clk 0:11:00]} Nb4
{[%clk 0:03:03]} 26. Nc2 {[%clk 0:10:42]} Nxc2 {[%clk 0:02:34]} 27. Kxc2 Rc7
{[%clk 0:02:23]} 28. b3 {[%clk 0:10:25]} b5 {[%clk 0:02:15]} 29. Bd5+
{[%clk 0:10:31]} Kh8 {[%clk 0:02:10]} 30. Kd3 {[%clk 0:09:44]} Nd6
{[%clk 0:01:14]} 31. R1g3 {[%clk 0:09:15]} Rf5 {[%clk 0:00:59]} 32. Rg6
{[%clk 0:09:02]} bxc4+ {[%clk 0:00:26]} 33. bxc4 {[%clk 0:09:05]} Nb7
{[%clk 0:00:20]} 34. Rb6 {[%clk 0:08:42]} Nc5+ {[%clk 0:00:24]} 35. Kd2
{[%clk 0:08:42]} Rxh5 {[%clk 0:00:18]} 36. Rb8+ {[%clk 0:08:43]} Kh7
{[%clk 0:00:23]} 37. Bg8+ {[%clk 0:08:50]} 1-0

[Event "MCRDMZ 2018"]
[Site "Varnsdorf"]
[Date "2018.06.17"]
[Round "9.15"]
[White "Vasinek Martin (BSS F-M A)"]
[Black "Hosova Sandra (Nebusice)"]
[Result "1-0"]
[BlackElo "1378"]
[WhiteElo "1829"]
[LiveChessVersion "1.4.8"]

1. d4 {[%clk 0:25:19]} d5 {[%clk 0:25:17]} 2. c4 {[%clk 0:25:28]} c6
{[%clk 0:25:23]} 3. Nc3 {[%clk 0:25:37]} e6 {[%clk 0:25:27]} 4. e3
{[%clk 0:25:45]} Nf6 {[%clk 0:25:30]} 5. Nf3 {[%clk 0:25:54]} Nbd7
{[%clk 0:25:34]} 6. Be2 {[%clk 0:25:59]} dxc4 {[%clk 0:25:40]} 7. Bxc4
{[%clk 0:26:08]} b5 {[%clk 0:25:48]} 8. Be2 {[%clk 0:26:15]} Bb7 {[%clk 0:25:52]}
9. O-O {[%clk 0:26:20]} a6 {[%clk 0:26:01]} 10. a3 {[%clk 0:26:26]} Be7
{[%clk 0:26:01]} 11. b4 {[%clk 0:23:57]} O-O {[%clk 0:24:37]} 12. Qb3
{[%clk 0:23:58]} Rc8 {[%clk 0:23:31]} 13. Bb2 {[%clk 0:23:58]} h6
{[%clk 0:22:43]} 14. Rac1 {[%clk 0:23:55]} Qc7 {[%clk 0:21:53]} 15. Rfd1
{[%clk 0:23:42]} Rfd8 {[%clk 0:21:26]} 16. h3 {[%clk 0:17:45]} Kh8
{[%clk 0:20:21]} 17. e4 {[%clk 0:15:21]} c5 {[%clk 0:19:17]} 18. dxc5
{[%clk 0:14:50]} Nxe4 {[%clk 0:18:44]} 19. Nxe4 {[%clk 0:14:52]} Bxe4
{[%clk 0:18:28]} 20. Qe3 {[%clk 0:13:46]} Bh7 {[%clk 0:16:35]} 21. Qxh6
{[%clk 0:13:34]} Rg8 {[%clk 0:16:11]} 22. Bd3 {[%clk 0:13:37]} f5
{[%clk 0:15:50]} 23. Qxe6 {[%clk 0:12:54]} Rce8 {[%clk 0:15:27]} 24. Qh6
{[%clk 0:10:39]} Ref8 {[%clk 0:14:28]} 25. Qxa6 {[%clk 0:09:52]} Bf6
{[%clk 0:14:01]} 26. Bxf6 {[%clk 0:09:39]} Rxf6 {[%clk 0:14:02]} 27. Qxb5
{[%clk 0:09:39]} Ne5 {[%clk 0:12:29]} 28. Nxe5 {[%clk 0:09:28]} Qxe5
{[%clk 0:12:37]} 29. c6 {[%clk 0:09:34]} Qc7 {[%clk 0:11:07]} 30. Qb7
{[%clk 0:08:59]} Qxb7 {[%clk 0:10:36]} 31. cxb7 {[%clk 0:09:00]} Rb6
{[%clk 0:10:36]} 32. Rc7 {[%clk 0:09:06]} Bg6 {[%clk 0:10:16]} 33. Bc4
{[%clk 0:08:48]} Re8 {[%clk 0:10:06]} 34. Rdd7 {[%clk 0:08:33]} Kh7
{[%clk 0:08:50]} 35. Rxg7+ {[%clk 0:08:14]} Kh6 {[%clk 0:08:57]} 36. Rge7
{[%clk 0:07:39]} Rxe7 {[%clk 0:08:24]} 37. Rxe7 {[%clk 0:07:46]} Kg5
{[%clk 0:07:54]} 38. b5 {[%clk 0:07:35]} f4 {[%clk 0:06:40]} 39. a4
{[%clk 0:07:09]} Kf6 {[%clk 0:06:37]} 40. Re6+ {[%clk 0:07:11]} 1-0